<?xml version="1.0" encoding="UTF-8"?>
<record
    xmlns:xsi="http://www.w3.org/2001/XMLSchema-instance"
    xsi:schemaLocation="http://www.loc.gov/MARC21/slim http://www.loc.gov/standards/marcxml/schema/MARC21slim.xsd"
    xmlns="http://www.loc.gov/MARC21/slim">

  <leader>00347nam a2200145Ia 4500</leader>
  <controlfield tag="008">220803s9999    xx            000 0 und d</controlfield>
  <datafield tag="020" ind1=" " ind2=" ">
    <subfield code="a">9783869221380</subfield>
  </datafield>
  <datafield tag="041" ind1=" " ind2=" ">
    <subfield code="a">eng</subfield>
  </datafield>
  <datafield tag="082" ind1=" " ind2=" ">
    <subfield code="a">720.2'8 HEM</subfield>
  </datafield>
  <datafield tag="100" ind1=" " ind2=" ">
    <subfield code="a">Hemmerling M</subfield>
    <subfield code="9">24977</subfield>
  </datafield>
  <datafield tag="245" ind1=" " ind2=" ">
    <subfield code="a">Digital Design Manual</subfield>
  </datafield>
  <datafield tag="260" ind1=" " ind2=" ">
    <subfield code="a">Berlin</subfield>
    <subfield code="b">Dom Publisher</subfield>
    <subfield code="c">2011</subfield>
  </datafield>
  <datafield tag="300" ind1=" " ind2=" ">
    <subfield code="a">256p</subfield>
  </datafield>
  <datafield tag="500" ind1=" " ind2=" ">
    <subfield code="a">DIGIT</subfield>
  </datafield>
  <datafield tag="999" ind1=" " ind2=" ">
    <subfield code="c">15853</subfield>
    <subfield code="d">15853</subfield>
  </datafield>
  <datafield tag="952" ind1=" " ind2=" ">
    <subfield code="0">0</subfield>
    <subfield code="1">0</subfield>
    <subfield code="4">0</subfield>
    <subfield code="7">0</subfield>
    <subfield code="8">Book of B Arch</subfield>
    <subfield code="a">BNCA</subfield>
    <subfield code="b">BNCA</subfield>
    <subfield code="d">2015-08-21</subfield>
    <subfield code="e">Principal</subfield>
    <subfield code="g">2115.00</subfield>
    <subfield code="o">720.28 HEM</subfield>
    <subfield code="p">BNCA-BK-9427</subfield>
    <subfield code="r">2022-08-03 00:00:00</subfield>
    <subfield code="v">2115.00</subfield>
    <subfield code="w">2015-08-12</subfield>
    <subfield code="y">RF</subfield>
    <subfield code="z">B09427</subfield>
  </datafield>
  <datafield tag="952" ind1=" " ind2=" ">
    <subfield code="0">0</subfield>
    <subfield code="1">0</subfield>
    <subfield code="4">0</subfield>
    <subfield code="7">0</subfield>
    <subfield code="8">Book of B Arch</subfield>
    <subfield code="a">BNCA</subfield>
    <subfield code="b">BNCA</subfield>
    <subfield code="c">DL</subfield>
    <subfield code="d">2019-02-05</subfield>
    <subfield code="e">Word Book Shop</subfield>
    <subfield code="g">3160.80</subfield>
    <subfield code="o">720.28 HEM</subfield>
    <subfield code="p">BNCA-BK-11116</subfield>
    <subfield code="r">2022-08-03 00:00:00</subfield>
    <subfield code="v">3195.80</subfield>
    <subfield code="w">2019-01-30</subfield>
    <subfield code="y">RF</subfield>
    <subfield code="z">B11116</subfield>
  </datafield>
</record>
